000 00702nam a2200217 i 4500
001 103897
003 ES-MaACL
005 20250827062618.0
007 t|
008 051121s1930 sp ||||1| spa d
110 1 _aEspaña
_93622
240 1 0 _aLeyes, etc.
245 1 0 _aDisposiciones complementarias de las Leyes de Indias.
260 _aMadrid :
_bSaéz Hermanos,
_c1930.
300 _a3 v. ;
_c25 cm.
490 1 _aPublicaciones de Ministerio de Trabajo y Previsión
650 1 4 _aDerecho colonial-
_zAmérica española
_911671
830 0 0 _aPublicaciones del Ministerio de Trabajo y Previsión
_9184823
852 _aES-MaACL
_jF-15348-50
_bR.18417
999 _c103897
_d103897